Normal view
MARC view
- Saleemi, Anjum
Entry Personal Name
001 - CONTROL NUMBER
- control field: 15874
003 - CONTROL NUMBER IDENTIFIER
- control field: NUST
005 - DATE AND TIME OF LATEST TRANSACTION
- control field: 20190628061836.0
008 - FIXED-LENGTH DATA ELEMENTS
- fixed length control field: 190628|| aca||aabn | a|a d
040 ## - CATALOGING SOURCE
- Original cataloging agency: NUST
- Transcribing agency: NUST
100 ## - HEADING--PERSONAL NAME
- Personal name: Saleemi, Anjum
670 ## - SOURCE DATA FOUND
- Source citation: Work cat.: (NUST): Saleemi, Anjum, Santap /, 1996.
